| 000 -LEADER |
| fixed length control field |
00354cam a22001217a 4500 |
| 008 - FIXED-LENGTH DATA ELEMENTS--GENERAL INFORMATION |
| fixed length control field |
180718b xxu||||| |||| 00| 0 eng d |
| 082 ## - DEWEY DECIMAL CLASSIFICATION NUMBER |
| Classification number |
Y11x5421 Sh13 |
| 100 ## - MAIN ENTRY--PERSONAL NAME |
| Personal name |
Shafi, Muhammad |
| 245 ## - TITLE STATEMENT |
| Title |
Land utilization in eastern Uttar Pradesh |
| Statement of responsibility, etc. |
by Muhammad Shafi |
| 260 ## - PUBLICATION, DISTRIBUTION, ETC. |
| Place of publication, distribution, etc. |
Aligarh |
| Name of publisher, distributor, etc. |
The Department of Geography |
| Date of publication, distribution, etc. |
|
| 300 ## - PHYSICAL DESCRIPTION |
| Extent |
280p. |
| 650 ## - SUBJECT ADDED ENTRY--TOPICAL TERM |
| Topical term or geographic name entry element |
Land utilization |